| 000 | 00473nam a2200169Ia 4500 | ||
|---|---|---|---|
| 008 | 240729s9999 xx 000 0 und d | ||
| 022 | _a1943-7706 | ||
| 245 | 0 | _aMolecular Plant-Microbe Interactions | |
| 260 | _aUnited States | ||
| 260 | _bThe American Phytopathological Society | ||
| 650 | _a Botany | ||
| 650 | _a Microbiology | Science | ||
| 650 | _aScience | ||
| 856 | _uhttps://doaj.org/toc/0f0c077597d047fbb2bf86c814999fcb | ||
| 942 | _2ddc | ||
| 942 | _cDOAJEJ | ||
| 999 |
_c72941 _d72941 |
||
| 945 |
_a1 _bMadushi Gamage _c1 _dMadushi Gamage |
||